De la cabeza al corazón : el camino más largo del mundo /
Obra que propone que, a través de la espiritualidad y el despertar de la consciencia, se busque el verdadero rostro de uno mismo, aquél que existía antes de que cada quien se inventara una máscara superficial que le ha servido de refugio y le ha permitido no conocerse de manera profunda.
Đã lưu trong:
| Tác giả chính: | |
|---|---|
| Định dạng: | Sách |
| Ngôn ngữ: | Tiếng Tây Ban Nha |
| Được phát hành: |
Bilbao, España :
Sal Terrae,
1995, c1995
|
| Loạt: | (Proyecto ;
38) |
| Những chủ đề: | |
| Các nhãn: |
Không có thẻ, Là người đầu tiên thẻ bản ghi này!
|
MARC
| LEADER | 00000nam^a2200000^a^4500 | ||
|---|---|---|---|
| 001 | 000062092 | ||
| 005 | 20250521000000.0 | ||
| 009 | 20260310090936.674 | ||
| 020 | |a 84-293-1144-0 | ||
| 037 | |a Acervo ITESO - Biblioteca | ||
| 041 | |a ESP | ||
| 082 | |a 158. 1 |b LAC | ||
| 100 | |a Lacasse, Micheline |e (autor) | ||
| 245 | 1 | 0 | |a De la cabeza al corazón : |b el camino más largo del mundo / |c M. Lacasse ; tr. por Ricardo Sanchís Cueto. |
| 264 | 4 | |a Bilbao, España : |b Sal Terrae, |c 1995, c1995 | |
| 300 | |a 221 p. | ||
| 336 | |a texto |b txt |2 rdacontenido | ||
| 337 | |a sin mediación |b n |2 rdamedio | ||
| 338 | |a volumen |b nc |2 rdasoporte | ||
| 440 | 1 | |a (Proyecto ; |v 38) | |
| 500 | |a Traducción de: De ma tête à mon coer. Les plus longue chemin du monde | ||
| 520 | |a Obra que propone que, a través de la espiritualidad y el despertar de la consciencia, se busque el verdadero rostro de uno mismo, aquél que existía antes de que cada quien se inventara una máscara superficial que le ha servido de refugio y le ha permitido no conocerse de manera profunda. | ||
| 649 | |a XX | ||
| 650 | |a Yo (Psicoanálisis) - |x Tema Principal | ||
| 650 | |a Espiritualidad | ||
| 650 | |a Autoconcepto - |x Tema Principal | ||
| 650 | |a Amor | ||
| 650 | |a Comunicación Intrapersonal | ||
| 650 | |a Cambio de Actitud | ||
| 650 | |a Superación Personal y Autoayuda - |x Tema Principal | ||
| 650 | |a Desarrollo Humano | ||
| 650 | |a Psicología | ||
| 910 | |a Fondo General | ||
| 920 | |a Impresos - Libros | ||
| 930 | |a Colección General | ||
| 905 | |a 101 | ||
| 901 | |a 0500084226 |b IT1 |c ACC |u 20250521 | ||
| 902 | |a https://opac.biblio.iteso.mx/vufind/Record/000062092 | ||